Hello, My Name Is...'S' Quiz Stats

 Plays Quiz Updated Dec 27, 2018

Support Sporcle.
Go Orange.
Score 0/24 Timer 04:00
0 Plays Today
Hint Answer % Correct
Serena Williams
92.2%
Stevie Wonder
91.8%
Steve Martin
91.5%
Simon Cowell
91.3%
Sylvester Stallone
90.9%
Samuel L. Jackson
89.2%
Sandra Bullock
88.5%
Sarah Jessica Parker
88.3%
Sean Penn
83.7%
Susan Sarandon
76.8%
Shirley Temple
75.2%
Selena Gomez
75.1%
Hint Answer % Correct
Seth Rogan
73.4%
Sinéad O'Connor
72.8%
Scarlett Johansson
71.2%
Sammy Davis Jr.
69.9%
Stephen Curry
69.1%
Shakira
67.1%
Shia LaBeouf
66.7%
Sofía Vergara
63.2%
Salma Hayek
59.8%
Sacha Baron Cohen
56.2%
Shania Twain
45.4%
Smokey Robinson
35.1%

From the Vault

Letter Pyramid - Asian Capitals

by PenguinsMeercats

Geography 90s
How many capitals can one realistically stack up on top of each other?
Remove Ads.
Support Sporcle.
Get the best of Sporcle when you Go Orange. This ad-free experience offers more features, more stats, and more fun while also helping to support Sporcle. Thank you for becoming a member.

Show Comments

Extras

Top Quizzes Today


Score Distribution

Your Account Isn't Verified!

In order to create a playlist on Sporcle, you need to verify the email address you used during registration. Go to your Sporcle Settings to finish the process.

Report this User

Report this user for behavior that violates our Community Guidelines.

Details: